000 00839nam a2200229 i 4500
001 43385
003 ES-MaACL
005 20230906160800.0
007 t|
008 030317s1944 sp ||||1| spa d
100 1 _aCastro Guisasola, Florentino.
_936929
245 1 3 _aEl enigma del vascuence ante las lenguas indoeuropeas /
_cpor Florentino Castro Guisasola.
260 _aMadrid :
_bConsejo Superior de Investigaciones Científicas, Patronato "Menéndez Pelayo", Instituto "Antonio de Nebrija"
300 _a289 p. ;
_c25 cm.
490 1 _aRevista de filología española ;
_vAnejo XXX
650 _aLengua vasca.
_914329
710 2 _aInstituto Antonio de Nebrija.
_94795
830 1 _aRevista de filología española ;
_vAnejo XXX
_9181987
852 _aES-MaACL
_jL-558
852 _aES-MaACL
_jE-15377
999 _c43385
_d43385